| 000 | 02030nam a22002657a 4500 | ||
|---|---|---|---|
| 005 | 20231220205137.0 | ||
| 008 | 231220b |||||||| |||| 00| 0 eng d | ||
| 020 | _a9789589136904 | ||
| 037 | _3Donación | ||
| 040 |
_aCO-JMCR _cCO-JMCR _dCO-JMCR _erda |
||
| 041 | _aspa | ||
| 082 |
_223 _a338.98 _bV15i |
||
| 100 |
_aValencia, Mario Alejandro _eautor _943138 |
||
| 245 |
_aLa industria / _cMario Alejandro Valencia |
||
| 260 |
_aBogotá: _bEdiciones Aurora, _c2016 |
||
| 300 |
_a145 páginas; _c21 cm |
||
| 505 | _aHistoria General | ||
| 505 | _aEstado o mercado | ||
| 505 | _aDesventajas del TLC con estados unidos | ||
| 520 | _aEste libro escrito por el economista Mario Valencia, establece con precisión las causas del atraso industrial de Colombia en relación con los procesos adelantados por los países más desarrollados. El texto inicia haciendo un recuento histórico de la forma como se adelantó la industrialización en los países que la lograron y del modelo económico en el que se apoyaron. El autor destaca: "los países más exitosos en este proceso fueron los que contaron con políticas industriales orientadas por el Estado y que intervinieron en aspectos que el mercado no es capaz de solucionar. Para el caso colombiano afirma: "se puede mostrar, que cuando se abandonaron las políticas públicas industriales, el país inició un proceso de desindustrialización que aún no se detiene, pero que ha significado una pérdida importante de la capacidad productiva de la nación". Valencia asegura que para lograr un viraje real de la situación de deterioro, el país debe replantearse el modelo económico adoptado en las dos últimas décadas. Señala los perjuicios que los TLC han causado a la industria -en particular el firmado cor los Estados Unidos- y la necesidad de renegociarlos. | ||
| 650 |
_2JMCR _aDesarrollo industrial _940735 |
||
| 650 |
_2JMCR _aModelo económico colombiano _943139 |
||
| 650 |
_2JMCR _aTratados de libre comercio (TLC) _943140 |
||
| 942 |
_2ddc _cBK |
||
| 999 |
_c30492 _d16876 |
||